| 000 | 00642nam a2200181 a 4500 | ||
|---|---|---|---|
| 001 | 000039976 | ||
| 005 | 20201002033837.0 | ||
| 008 | 130801s1968 enka 000 0 spa d | ||
| 020 | _z356007634 | ||
| 040 |
_aDO-SdBNP _bspa _cBNPHU |
||
| 082 |
_axxx _bS855L |
||
| 100 | 1 |
_aStierlin, Henri _966198 |
|
| 245 | 1 | 0 |
_aLiving architecture : _bancient Mexican / _cText and photographs by Henri Stierlin. Pref. by Vladimir Kaspe. English translation: Marion Shapiro. |
| 260 |
_aLondon _aMacdonald & Co, _c1968. |
||
| 300 |
_a192 P. : _billus., maps. ; _c22 cm. |
||
| 500 | _aCover title: Ancient Mexican architecture. | ||
| 504 | _aBibliography : p. 189 | ||
| 999 |
_c39466 _d39466 |
||